Catálogo
 En Linea

Cultura : (Registro nro. 24741)

Detalles MARC
000 -CABECERA
campo de control de longitud fija 01819nam a2200241 u 4500
001 - NÚMERO DE CONTROL
campo de control 000025248
005 - FECHA Y HORA DE LA ÚLTIMA TRANSACCIÓN
campo de control 20200930023646.0
008 - DATOS DE LONGITUD FIJA--INFORMACIÓN GENERAL
campo de control de longitud fija 110209s1998 ck r 000 | spa d
020 ## - NÚMERO INTERNACIONAL ESTÁNDAR DEL LIBRO
Número Internacional Estándar del Libro 9589479022
040 ## - FUENTE DE LA CATALOGACIÓN
Centro catalogador/agencia de origen DO-SdBNP
Lengua de catalogación spa
Centro/agencia transcriptor BNPHU
082 ## - NÚMERO DE LA CLASIFICACIÓN DECIMAL DEWEY
Número de clasificación xxx
Número de documento/Ítem A141c
049 ## - FONDOS LOCALES (OCLC)
Fondos de biblioteca BNGR
100 1# - ENTRADA PRINCIPAL--NOMBRE DE PERSONA
Nombre de persona Abello Trujillo, José Ignacio
9 (RLIN) 51741
245 10 - MENCIÓN DE TÍTULO
Título Cultura :
Resto del título teorias y gestión /
Mención de responsabilidad, etc. José Ignacio Abello Trujillo; Silvio Sánchez Fajardo; Sergio de Zubiría Samper; prólogo Guillermo Páramo Rocha.
260 ## - PUBLICACIÓN, DISTRIBUCIÓN, ETC.
Lugar de publicación, distribución, etc. San Juan de Pasto :
Nombre del editor, distribuidor, etc. Universidad de Unariño,
Fecha de publicación, distribución, etc. 1998.
300 ## - DESCRIPCIÓN FÍSICA
Extensión 293 p. ;
Dimensiones 21 cm.
500 ## - NOTA GENERAL
Nota general Incluye notas y referencia bibliográfica al pie de páginas
505 ## - NOTA DE CONTENIDO CON FORMATO
Título Prologo /
Mención de responsabilidad Guillermo Páramo Rocha
Información miscelánea I.
Título Conceptos y teorías
-- Visión histórica /
Mención de responsabilidad Ignacio Abello T.
Título Visión contemporánea /
Mención de responsabilidad Sergio de Zubiría Samper
Título Visión nacional /
Mención de responsabilidad Silvio Sánchez Fajardo
Información miscelánea II.
Título Identidad y diferencia
-- Reiterada pregunta /
Mención de responsabilidad Sergio de Zubiría Samper
Título Identidad y diferencia /
Mención de responsabilidad Ignacio Abello T.
Título Momentos de la identidad cultural /
Mención de responsabilidad Sergio de Zubiría Samper
Título Identidades modernas y posmodernas en Latinoamérica /
Mención de responsabilidad Sergio de Zubiría Samper
Información miscelánea III.
Título Multiculturalidad
-- Conceptual /
Mención de responsabilidad Ignacio Abello T.
Título Multiculturalidad e interculturalidad /
Mención de responsabilidad Sergio de Zubiría Samper
Título Temas centrales de la discusión en Colombia /
Mención de responsabilidad Silvio Sánchez Fajardo
Título Culturas populares /
Mención de responsabilidad Ignacio Abello T.
Título Para repensar lo popular /
Mención de responsabilidad Silvio Sánchez Fajardo
Información miscelánea IV.
Título Gestión cultural
-- Aproximaciones a la gestión cultural /
Mención de responsabilidad Sergio de Zubiría Samper
Título La formación de gestores culturales /
Mención de responsabilidad Silvio Sánchez Fajardo
Título Bibliografía
500 ## - NOTA GENERAL
Nota general Bibliografía : p. 290-293
700 1# - PUNTO DE ACCESO ADICIONAL--NOMBRE DE PERSONA
Nombre de persona Sánchez Fajardo, Silvio
9 (RLIN) 51742
700 1# - PUNTO DE ACCESO ADICIONAL--NOMBRE DE PERSONA
Nombre de persona Zubiría Samper, Sergio de
9 (RLIN) 51743
700 1# - PUNTO DE ACCESO ADICIONAL--NOMBRE DE PERSONA
Nombre de persona Páramo Rocha , Guillermo
Término indicativo de función/relación pról.
9 (RLIN) 51744
Existencias
Estado de retiro Estado de pérdida Restricciones de uso No para préstamo Código de colección Localización permanente Ubicación/localización actual Ubicación en estantería Fecha de adquisición Número de inventario Total de préstamos Signatura topográfica completa Código de barras Fecha visto por última vez Precio válido a partir de Tipo de ítem Koha
      Excluido de préstamo Monografías: Libros y Folletos General General En catalogación 11.02.2011 LF1   xxx A141c 25248-10 25.06.2020 25.06.2020 No se presta

Con tecnología Koha